Piłkarze Lechii Gdańsk w sezonie 2025/26 - Statystyki

Ogólne statystyki
  • Ten quiz został rozwiązany 34 razy
    30 od ostatniego zresetowania
  • Średni wynik to 15 z 32
Statystyki odpowiedzi
Występów Pozycja Piłkarz % Poprawnych
22 Napastnik Tomas Bobcek
95%
23 Skrzydłowy Camilo Mena
91%
24 Pomocnik Rifet Kapić
82%
16 Bramkarz Alex Paulsen
77%
23 Napastnik Kacper Sezonienko
77%
16 Skrzydłowy Aleksandar Cirković
73%
21 Napastnik Bogdan Viunnyk
73%
22 Pomocnik Ivan Zhelizko
73%
24 Pomocnik Tomasz Neugebauer
73%
20 Napastnik Dawid Kurminowski
64%
18 Środkowy Obrońca Matej Rodin
64%
8 Bramkarz Szymon Weirauch
59%
14 Boczny Obrońca Tomasz Wójtowicz
59%
22 Boczny Obrońca Matus Vojtko
55%
11 Boczny Obrońca Bartłomiej Kłudka
50%
12 Środkowy Obrońca Bujar Pllana
50%
9 Boczny Obrońća Alvis Jaunzems
45%
7 Napastnik Michał Głogowski
45%
3 Środkowy Pomocnik Anton Tsarenko
41%
8 Środkowy Obrońca Elias Olsson
41%
19 Środkowy Obrońca Maksym Dyachuk
36%
4 Boczny Obrońca Miłosz Kałahur
36%
1 Bramkarz Bogdan Sarnavskyi
27%
0 (9 razy w kadrze) Pomocnik Karl Wendt
27%
0 (3 razy w kadrze) Skrzydłowy Igor Bambecki
23%
8 Skrzydłowy Mohamed Awad
23%
0 (7 razy w kadrze) Środkowy Obrońca Indrit Mavraj
18%
0 (8 razy w kadrze) Boczny Obrońca Bartosz Brzęk
14%
1 Pomocnik Bartosz Szczepankiewicz
9%
0 (5 razy w kadrze) Bramkarz Kacper Gutowski
9%
0 (2 razy w kadrze) Bramkarz Michał Kaczorowski
5%
0 (2 razy w kadrze) Napastnik Dorian Sinkiewicz
0%
Nie znaleziono quizów pasujących do podanych kryteriów
Rozkład punktacji
Procent ludzi z każdym wynikiem
Percentyl według liczby udzielonych odpowiedzi
Twoja historia wyników
Nie rozwiązałeś tego quizu od ostatniego zresetowania